Handbook of rural studies

Αποθηκεύτηκε σε:
Λεπτομέρειες βιβλιογραφικής εγγραφής
Άλλοι συγγραφείς: Cloke, Paul J. (Επιμελητής έκδοσης), Marsden, Terry (Επιμελητής έκδοσης), Mooney, Patrick H. (Επιμελητής έκδοσης)
Μορφή: Βιβλίο
Γλώσσα:English
Δημοσίευση: London : SAGE, 2006
Θέματα:
Ετικέτες: Προσθήκη ετικέτας
Δεν υπάρχουν, Καταχωρήστε ετικέτα πρώτοι!

MARC

LEADER 00000nam a2200000 i 4500
001 1/5833
008 100318s2006 eng d
020 |a 0-7619-7332-X 
035 |l 10107302 
040 |a GR-MY-UA  |b gre  |e aacr 
041 0 |a eng 
082 0 |a 307.72  |2 (22) 
245 1 0 |a Handbook of rural studies /  |c edited by Paul Cloke, Terry Marsden and Patrick Mooney 
260 |a London :   |b SAGE,   |c 2006 
300 |a xii, 511 σ.;  |b εικ.;  |c 26 εκ. 
504 |a Περιέχει βιβλιογραφικές παραπομπές και ευρετήριο 
650 0 0 |a Sociology, Rural. 
650 0 0 |a Rural geography. 
650 0 0 |a Rural development. 
650 0 0 |a Land use, Rural. 
700 1 |a Cloke, Paul J.  |4 edt 
700 1 |a Marsden, Terry.  |4 edt 
700 1 |a Mooney, Patrick H.  |4 edt 
852 |a INST  |b LESVOS  |e 20100318  |h 307.72 HAN  |p 005100046173  |q 005100046173  |t BK  |y 0 
901 |a BIBL1-2010-1 
909 |a Λ  |b 152256 
922 |a 1ΕΛΗ  |b 200803  |c ΕΠΕΑΕΚ2/ΤΓ  |d ΕΛΕΥΘΕΡΟΥΔΑΚΗΣ 
970 |a ΓΙΑΛΑΜΑ  |b ΜΑΡΙΑ  |z 2010/03/18